Christopher Reeve Filmography - Statistics

General Stats
  • This quiz has been taken 31 times
    12 since last reset
  • The average score is 5 of 96
Answer Stats
Type Year Name % Correct
Film 1980 Superman II
83%
Film 1983 Superman III
83%
Documentary 2024 Super/Man: The Christopher Reeve Story
83%
Film 1978 Superman: The Movie
83%
Film 1987 Superman IV: The Quest for Peace
67%
Documentary 2007 Christopher Reeve: Hope in Motion
17%
TV Show 1975-1976 Love of Life
17%
TV Show 2003, 2004 Smallville
17%
Video Game 1996 9: The Last Resort
0%
TV Film 1995 Above Suspicion
0%
Theater 1994 Allegro
0%
Theater 1976 A Matter of Gravity
0%
TV Film 1985 Anna Karenina
0%
Film 1996 A Step Toward Tomorrow
0%
TV Film 1995 Black Fox
0%
TV Film 1995 Black Fox: Good Men and Bad
0%
TV Film 1995 Black Fox: The Price of Peace
0%
TV Film 1991 Bump in the Night
0%
Theater 1968 Camino Real
0%
TV Show 1991 Carol & Company
0%
TV Documentary 1998 Christopher Reeve: A Celebration of Hope
0%
TV Documentary 2002 Christopher Reeve: Courageous Steps
0%
Short Documentary 2004 Christopher Reeve: The Man of Steel
0%
TV Film 1991 Death Dreams
0%
Theater 1990 Death Takes a Holiday
0%
Film 1982 Deathtrap
0%
TV Documentary 1985 Dinosaur!
0%
TV Short 1990 Earthday Birthday
0%
Documentary Series 1993 Earth Journeys with Christopher Reeve
0%
Director 2006 Everyone's Hero
0%
TV Show 1983 Faerie Tale Theatre
0%
TV Documentary 1991 Fear and the Muse: The Story of Anna Akhmatova
0%
Theater 1980-1981 Fifth of July
0%
TV Show 1993 Frasier
0%
TV Special 1987 Future Flight
0%
Theater 1968 Galileo
0%
Film 1978 Gray Lady Down
0%
TV Show 1974 Great Performances
0%
Short Documentary 2006 Heart of a Hero: A Tribute to Christopher Reeve
0%
TV Show 1999 Hollywood Stuntmakers
0%
Theater 1968 How to Succeed in Business Without Really Trying
0%
Director 1997 In the Gloaming
0%
Theater 1968 Iphigenia at Aulis
0%
Theater 1989 John Brown's Body
0%
Commercial 1997 Johnson & Johnson
0%
Theater 1989, 1994 Love Letters
0%
TV Documentary 1991 Mending Hearts
0%
Theater 1988-1989 Mesmer
0%
Film 1982 Monsignor
0%
TV Film 1993 Morning Glory
0%
TV Film 1992 Mortal Sins
0%
Theater 1977 My Life
0%
TV Film 1992 Nightmare in the Daylight
0%
Film 1992 Noises Off
0%
Commercial 2004 Nuveen
0%
Music Video 1989 On Our Own
0%
TV Film 1998 Rear Window
0%
TV Show 1992 Road to Avonlea
0%
TV Show 1981, 1985 Saturday Night Live
0%
TV Show 2000 Sesame Street
0%
Film 1980 Somewhere in Time
0%
Film 1994 Speechless
0%
Film 1987 Street Smart
0%
Theater 1988 Summer and Smoke
0%
Film 2006 Superman II: The Richard Donner Cut
0%
Film 1988 Switching Channels
0%
TV Show 1992 Tales from the Crypt
0%
TV Documentary 1992 The American Constitution: The Road from Runnymede
0%
Theater 1984 The Aspern Papers
0%
Film 1985 The Aviator
0%
Film 1984 The Bostonians
0%
Director 2004 The Brooke Ellison Story
0%
Theater 1980 The Cherry Orchard
0%
Theater 1980 The Front Page
0%
TV Film 1988 The Great Escape II: The Untold Story
0%
Theater 1981 The Greeks
0%
Theater 1992 The Guardsman
0%
Theater 1973 The Irregular Verb to Love
0%
Short Documentary 2005 The Last Wild Place with Christopher Reeve
0%
Short Film 1996 The Lion and the Lamb
0%
TV Documentary 1980 The Making of 'Superman: The Movie'
0%
Theater 1985 The Marriage of Figaro
0%
TV Special 1979 The Muppets Go Hollywood
0%
TV Show 1980 The Muppet Show
0%
Theater 1969 The Music Man
0%
TV Show 2003 The Practice
0%
Film 1993 The Remains of the Day
0%
TV Film 1990 The Rose and the Jackal
0%
TV Film 1993 The Sea Wolf
0%
TV Documentary 1998 The Toughest Break: Martin's Story
0%
TV Show 1994 The Unpleasant World of Penn & Teller
0%
Theater 1989 The Winter's Tale
0%
TV Documentary 1988 The World's Greatest Stunts: A Tribute to Hollywood Stuntmen
0%
Film 1995 Village of the Damned
0%
TV Show 1975 Wide World of Mystery
0%
TV Documentary 1996 Without Pity: A Film About Abilities
0%
No matching quizzes found
Score Distribution
Percent of People with Each Score
Percentile by Number Answered
Your Score History
You have not taken this quiz since the last reset